[Event "ODJM A 2025"]
[Site "Willingen GER"]
[Date "2025.06.11"]
[Round "5"]
[White "Uhlmann, Jonas"]
[Black "Astner, Sebastian"]
[Result "1-0"]
[Termination "normal"]
[Board "23"]
[WhiteElo "1876"]
[BlackElo "1930"]
[WhiteClock "01:36:31"]
[BlackClock "00:22:39"]
[PlyCount "103"]
[WhiteFideId "16258576"]
[BlackFideId "12979422"]
[EventCountry "GER"]
[EventRounds "9"]
[EventType "swiss"]
[EventDate "2025.06.07"]

1. Nc3 {[%clk 01:30:53]} {[%emt 00:00:03]} d5 {[%clk 01:30:07]} {[%emt
00:00:57]} 2. d4 {[%clk 01:30:59]} {[%emt 00:00:23]} Nf6 {[%clk 01:30:31]}
{[%emt 00:00:07]} 3. Bf4 {[%clk 01:31:21]} {[%emt 00:00:07]} c5 {[%clk
01:30:41]} {[%emt 00:00:21]} 4. e3 {[%clk 01:31:42]} {[%emt 00:00:08]} cxd4
{[%clk 01:26:25]} {[%emt 00:04:47]} 5. exd4 {[%clk 01:29:39]} {[%emt 00:02:33]}
a6 {[%clk 01:26:44]} {[%emt 00:00:11]} 6. Bd3 {[%clk 01:28:58]} {[%emt
00:01:10]} Nc6 {[%clk 01:27:08]} {[%emt 00:00:07]} 7. Nge2 {[%clk 01:29:17]}
{[%emt 00:00:10]} Bg4 {[%clk 01:24:35]} {[%emt 00:03:04]} 8. f3 {[%clk
01:27:30]} {[%emt 00:02:16]} Bh5 {[%clk 01:19:52]} {[%emt 00:05:13]} 9. g4
{[%clk 01:26:43]} {[%emt 00:01:17]} Bg6 {[%clk 01:20:18]} {[%emt 00:00:05]} 10.
h4 {[%clk 01:26:53]} {[%emt 00:00:19]} e6 {[%clk 01:19:27]} {[%emt 00:01:22]}
11. h5 {[%clk 01:25:47]} {[%emt 00:01:35]} Bxd3 {[%clk 01:19:53]} {[%emt
00:00:05]} 12. Qxd3 {[%clk 01:26:10]} {[%emt 00:00:06]} Bd6 {[%clk 01:14:59]}
{[%emt 00:05:25]} 13. Qd2 {[%clk 01:25:19]} {[%emt 00:01:21]} Qc7 {[%clk
01:12:19]} {[%emt 00:03:10]} 14. O-O-O {[%clk 01:24:38]} {[%emt 00:01:10]}
O-O-O {[%clk 01:12:21]} {[%emt 00:00:29]} 15. g5 {[%clk 01:24:42]} {[%emt
00:00:25]} Nd7 {[%clk 01:08:10]} {[%emt 00:04:41]} 16. Bxd6 {[%clk 01:24:18]}
{[%emt 00:00:54]} Qxd6 {[%clk 01:08:36]} {[%emt 00:00:04]} 17. Qf4 {[%clk
01:24:14]} {[%emt 00:00:34]} Qxf4+ {[%clk 01:06:30]} {[%emt 00:02:37]} 18. Nxf4
{[%clk 01:24:33]} {[%emt 00:00:10]} g6 {[%clk 01:06:40]} {[%emt 00:00:21]} 19.
a3 {[%clk 01:21:56]} {[%emt 00:03:06]} Nb6 {[%clk 00:55:27]} {[%emt 00:11:43]}
20. b3 {[%clk 01:20:06]} {[%emt 00:02:20]} e5 {[%clk 00:37:34]} {[%emt
00:18:24]} 21. dxe5 {[%clk 01:18:39]} {[%emt 00:01:57]} Nxe5 {[%clk 00:37:03]}
{[%emt 00:01:00]} 22. Rhf1 {[%clk 01:16:33]} {[%emt 00:02:35]} gxh5 {[%clk
00:33:22]} {[%emt 00:04:11]} 23. Ncxd5 {[%clk 01:15:11]} {[%emt 00:01:53]} Nxd5
{[%clk 00:33:42]} {[%emt 00:00:11]} 24. Nxd5 {[%clk 01:15:33]} {[%emt
00:00:08]} h6 {[%clk 00:33:32]} {[%emt 00:00:39]} 25. Ne7+ {[%clk 01:13:47]}
{[%emt 00:02:16]} Kc7 {[%clk 00:33:08]} {[%emt 00:00:54]} 26. Rde1 {[%clk
01:13:01]} {[%emt 00:01:16]} Nc6 {[%clk 00:25:11]} {[%emt 00:08:28]} 27. g6
{[%clk 01:12:41]} {[%emt 00:00:49]} fxg6 {[%clk 00:23:31]} {[%emt 00:02:11]}
28. Nxg6 {[%clk 01:13:04]} {[%emt 00:00:07]} Rhg8 {[%clk 00:23:58]} {[%emt
00:00:03]} 29. Nf4 {[%clk 01:13:25]} {[%emt 00:00:08]} Nd4 {[%clk 00:23:39]}
{[%emt 00:00:49]} 30. Re4 {[%clk 01:12:02]} {[%emt 00:01:53]} Kc6 {[%clk
00:20:00]} {[%emt 00:04:10]} 31. Nxh5 {[%clk 01:12:04]} {[%emt 00:00:27]} Rg2
{[%clk 00:19:51]} {[%emt 00:00:39]} 32. Rd1 {[%clk 01:10:24]} {[%emt 00:02:10]}
Rxc2+ {[%clk 00:14:39]} {[%emt 00:05:43]} 33. Kb1 {[%clk 01:10:44]} {[%emt
00:00:09]} Rh2 {[%clk 00:15:05]} {[%emt 00:00:05]} 34. Nf4 {[%clk 01:11:07]}
{[%emt 00:00:07]} Kc5 {[%clk 00:15:30]} {[%emt 00:00:04]} 35. Rexd4 {[%clk
01:11:17]} {[%emt 00:00:20]} Re8 {[%clk 00:15:22]} {[%emt 00:00:38]} 36. Rd6
{[%clk 01:10:51]} {[%emt 00:00:56]} Re5 {[%clk 00:15:01]} {[%emt 00:00:52]} 37.
Ne6+ {[%clk 01:11:12]} {[%emt 00:00:08]} Kb5 {[%clk 00:15:11]} {[%emt
00:00:20]} 38. Nd8 {[%clk 01:10:16]} {[%emt 00:01:26]} h5 {[%clk 00:13:33]}
{[%emt 00:02:09]} 39. Nxb7 {[%clk 01:10:36]} {[%emt 00:00:09]} h4 {[%clk
00:13:29]} {[%emt 00:00:34]} 40. a4+ {[%clk 01:10:56]} {[%emt 00:00:10]} Kb4
{[%clk 00:13:34]} {[%emt 00:00:26]} 41. R6d4+ {[%clk 01:11:19]} {[%emt
00:00:06]} Ka3 {[%clk 00:13:27]} {[%emt 00:00:38]} 42. Nd6 {[%clk 01:10:34]}
{[%emt 00:01:14]} Rb2+ {[%clk 00:11:29]} {[%emt 00:02:29]} 43. Kc1 {[%clk
01:10:26]} {[%emt 00:00:37]} Kxb3 {[%emt 00:02:15]} 44. R4d3+ {[%clk 01:09:50]}
{[%emt 00:01:05]} Ka2 {[%clk 00:10:01]} {[%emt 00:00:14]} 45. Nc4 {[%clk
01:09:52]} {[%emt 00:00:28]} Rb1+ {[%clk 00:09:32]} {[%emt 00:00:59]} 46. Kc2
{[%clk 01:10:17]} {[%emt 00:00:05]} Re2 {[%clk 00:09:42]} {[%emt 00:00:21]} 47.
R1d2 {[%clk 01:10:06]} {[%emt 00:00:40]} Rxd2 {[%clk 00:09:28]} {[%emt
00:00:45]} 48. Rxd2 {[%clk 01:08:30]} {[%emt 00:02:06]} Rf1 {[%clk 00:04:01]}
{[%emt 00:05:57]} 49. Kc3+ {[%clk 01:05:17]} {[%emt 00:03:42]} Kb1 {[%clk
00:25:41]} {[%emt 00:08:50]} 50. Rb2+ {[%clk 01:35:39]} {[%emt 00:00:08]} Ka1
{[%clk 00:22:15]} {[%emt 00:03:57]} 51. Nd2 {[%clk 01:36:03]} {[%emt 00:00:05]}
Rc1+ {[%clk 00:22:39]} {[%emt 00:00:06]} 52. Kb3 {[%clk 01:36:31]} {[%emt
00:00:02]} 1-0

[Event "ODJM A 2025"]
[Site "Willingen GER"]
[Date "2025.06.11"]
[Round "5"]
[White "Heimann, Alexander"]
[Black "Hierl, Andreas"]
[Result "1-0"]
[Termination "normal"]
[Board "24"]
[WhiteElo "1930"]
[BlackElo "1767"]
[WhiteClock "00:07:47"]
[BlackClock "00:06:32"]
[PlyCount "158"]
[WhiteFideId "16215346"]
[BlackFideId "34660496"]
[EventCountry "GER"]
[EventRounds "9"]
[EventType "swiss"]
[EventDate "2025.06.07"]

1. d4 {[%clk 01:30:48]} {[%emt 00:00:11]} d5 {[%clk 01:30:54]} {[%emt
00:00:06]} 2. Nf3 {[%clk 01:30:02]} {[%emt 00:01:16]} Nf6 {[%clk 01:31:15]}
{[%emt 00:00:09]} 3. e3 {[%clk 01:28:10]} {[%emt 00:02:22]} c6 {[%clk
01:29:53]} {[%emt 00:01:53]} 4. Bd3 {[%clk 01:28:08]} {[%emt 00:00:31]} Bg4
{[%clk 01:29:16]} {[%emt 00:01:08]} 5. Nbd2 {[%clk 01:27:20]} {[%emt 00:01:17]}
Nbd7 {[%clk 01:28:21]} {[%emt 00:01:25]} 6. b3 {[%clk 01:24:56]} {[%emt
00:02:54]} e6 {[%clk 01:26:30]} {[%emt 00:02:21]} 7. Bb2 {[%clk 01:24:25]}
{[%emt 00:01:01]} Bd6 {[%clk 01:25:45]} {[%emt 00:01:15]} 8. c4 {[%clk
01:22:58]} {[%emt 00:01:56]} O-O {[%clk 01:24:59]} {[%emt 00:01:17]} 9. Qc2
{[%clk 01:20:06]} {[%emt 00:03:22]} Re8 {[%clk 01:21:37]} {[%emt 00:03:52]} 10.
Ne5 {[%clk 01:16:45]} {[%emt 00:03:51]} Bh5 {[%clk 01:19:15]} {[%emt 00:02:52]}
11. Ndf3 {[%clk 01:08:53]} {[%emt 00:08:22]} Bxf3 {[%clk 01:12:39]} {[%emt
00:07:07]} 12. gxf3 {[%clk 01:02:56]} {[%emt 00:06:27]} Nf8 {[%clk 04:44:45]}
{[%emt 00:11:43]} 13. a3 {[%clk 00:54:37]} {[%emt 00:08:49]} Qc7 {[%clk
00:53:11]} {[%emt 00:08:44]} 14. f4 {[%clk 00:50:03]} {[%emt 00:05:04]} b6
{[%clk 00:45:10]} {[%emt 00:08:33]} 15. cxd5 {[%clk 00:37:21]} {[%emt
00:13:11]} exd5 {[%clk 00:44:49]} {[%emt 00:00:50]} 16. Rc1 {[%clk 00:29:32]}
{[%emt 00:08:18]} c5 {[%clk 00:38:25]} {[%emt 00:06:55]} 17. O-O {[%clk
00:23:46]} {[%emt 00:06:16]} N6d7 {[%clk 00:28:44]} {[%emt 00:10:11]} 18. Bf5
{[%clk 00:19:10]} {[%emt 00:05:05]} Nf6 {[%clk 00:22:43]} {[%emt 00:06:32]} 19.
Rfd1 {[%clk 00:16:36]} {[%emt 00:03:04]} Ne6 {[%clk 00:20:08]} {[%emt
00:03:04]} 20. dxc5 {[%clk 00:14:05]} {[%emt 00:03:02]} bxc5 {[%clk 00:20:08]}
{[%emt 00:00:30]} 21. Nf3 {[%clk 00:12:41]} {[%emt 00:01:53]} d4 {[%clk
00:12:49]} {[%emt 00:07:50]} 22. Bxe6 {[%clk 00:08:42]} {[%emt 00:04:29]} Rxe6
{[%clk 00:11:26]} {[%emt 00:01:54]} 23. Nxd4 {[%clk 00:07:12]} {[%emt
00:01:59]} cxd4 {[%clk 00:11:19]} {[%emt 00:00:38]} 24. Qxc7 {[%clk 00:07:31]}
{[%emt 00:00:11]} Bxc7 {[%clk 00:11:45]} {[%emt 00:00:04]} 25. Rxc7 {[%clk
00:07:48]} {[%emt 00:00:13]} dxe3 {[%clk 00:12:02]} {[%emt 00:00:12]} 26. Bxf6
{[%clk 00:06:29]} {[%emt 00:01:49]} exf2+ {[%clk 00:10:18]} {[%emt 00:02:15]}
27. Kxf2 {[%clk 00:06:43]} {[%emt 00:00:15]} Rxf6 {[%clk 00:10:42]} {[%emt
00:00:06]} 28. Rxa7 {[%clk 00:06:23]} {[%emt 00:00:51]} Rb8 {[%clk 00:10:12]}
{[%emt 00:00:59]} 29. Rd4 {[%clk 00:04:38]} {[%emt 00:02:15]} g5 {[%clk
00:09:55]} {[%emt 00:00:48]} 30. b4 {[%clk 00:04:28]} {[%emt 00:00:40]} Rc8
{[%clk 00:09:45]} {[%emt 00:00:39]} 31. Re7 {[%clk 00:03:31]} {[%emt 00:01:27]}
gxf4 {[%clk 00:09:37]} {[%emt 00:00:39]} 32. a4 {[%clk 00:02:25]} {[%emt
00:01:36]} f3 {[%clk 00:09:09]} {[%emt 00:00:58]} 33. Rd2 {[%clk 00:02:17]}
{[%emt 00:00:37]} Rc4 {[%clk 00:04:53]} {[%emt 00:04:47]} 34. Rb2 {[%clk
00:01:42]} {[%emt 00:01:05]} Rb6 {[%clk 00:04:48]} {[%emt 00:00:35]} 35. Kxf3
{[%clk 00:00:41]} {[%emt 00:01:30]} Rcxb4 {[%clk 00:04:50]} {[%emt 00:00:28]}
36. Rxb4 {[%clk 00:00:37]} {[%emt 00:00:34]} Rxb4 {[%clk 00:05:07]} {[%emt
00:00:14]} 37. Re4 {[%clk 00:00:38]} {[%emt 00:00:28]} Rb3+ {[%clk 00:03:00]}
{[%emt 00:02:37]} 38. Re3 {[%clk 00:00:33]} {[%emt 00:00:35]} Rb2 {[%clk
00:03:20]} {[%emt 00:00:10]} 39. h4 {[%clk 00:00:36]} {[%emt 00:00:27]} Ra2
{[%clk 00:03:33]} {[%emt 00:00:17]} 40. Re4 {[%clk 00:00:47]} {[%emt 00:00:19]}
Kg7 {[%clk 00:02:58]} {[%emt 00:01:04]} 41. Kf4 {[%clk 00:28:46]} {[%emt
00:02:31]} Kf6 {[%clk 00:31:58]} {[%emt 00:01:30]} 42. Rb4 {[%clk 00:27:45]}
{[%emt 00:01:31]} Ra3 {[%clk 00:29:56]} {[%emt 00:02:33]} 43. Rb6+ {[%clk
00:25:16]} {[%emt 00:02:59]} Ke7 {[%clk 00:28:40]} {[%emt 00:01:46]} 44. Ra6
{[%clk 00:25:10]} {[%emt 00:00:36]} Rh3 {[%clk 00:23:21]} {[%emt 00:05:48]} 45.
Kg5 {[%clk 00:24:26]} {[%emt 00:01:14]} f6+ {[%clk 00:20:28]} {[%emt 00:03:24]}
46. Kg4 {[%clk 00:23:38]} {[%emt 00:01:19]} Ra3 {[%clk 00:20:40]} {[%emt
00:00:18]} 47. Kh5 {[%clk 00:23:35]} {[%emt 00:00:32]} Kf7 {[%clk 00:14:09]}
{[%emt 00:07:01]} 48. Kh6 {[%clk 00:21:56]} {[%emt 00:02:09]} Rh3 {[%clk
00:13:59]} {[%emt 00:00:40]} 49. h5 {[%clk 00:19:57]} {[%emt 00:02:29]} f5
{[%clk 00:14:09]} {[%emt 00:00:19]} 50. Kg5 {[%clk 00:19:27]} {[%emt 00:01:00]}
Ra3 {[%clk 00:11:32]} {[%emt 00:03:08]} 51. Kxf5 {[%clk 00:19:25]} {[%emt
00:00:32]} Ra1 {[%clk 00:11:20]} {[%emt 00:00:42]} 52. Kg5 {[%clk 00:19:30]}
{[%emt 00:00:24]} Kg7 {[%clk 00:11:04]} {[%emt 00:00:46]} 53. Ra7+ {[%clk
00:19:29]} {[%emt 00:00:32]} Kg8 {[%clk 00:10:25]} {[%emt 00:01:09]} 54. Kh6
{[%clk 00:18:20]} {[%emt 00:01:39]} Rc1 {[%clk 00:10:45]} {[%emt 00:00:10]} 55.
Rg7+ {[%clk 00:17:54]} {[%emt 00:00:55]} Kf8 {[%clk 00:10:51]} {[%emt
00:00:25]} 56. Kxh7 {[%clk 00:18:00]} {[%emt 00:00:25]} Rc5 {[%clk 00:10:41]}
{[%emt 00:00:39]} 57. Kh6 {[%clk 00:14:52]} {[%emt 00:03:37]} Ra5 {[%clk
00:10:41]} {[%emt 00:00:30]} 58. Rg4 {[%clk 00:14:57]} {[%emt 00:00:25]} Ra6+
{[%clk 00:11:03]} {[%emt 00:00:08]} 59. Kg5 {[%clk 00:14:15]} {[%emt 00:01:12]}
Kg7 {[%clk 00:11:02]} {[%emt 00:00:32]} 60. Kf4+ {[%clk 00:13:38]} {[%emt
00:01:07]} Kf7 {[%clk 00:09:34]} {[%emt 00:01:59]} 61. Ke3 {[%clk 00:10:23]}
{[%emt 00:03:43]} Ke7 {[%clk 00:09:12]} {[%emt 00:00:52]} 62. Kd3 {[%clk
00:09:46]} {[%emt 00:01:07]} Kd7 {[%clk 00:09:12]} {[%emt 00:00:30]} 63. Kc3
{[%clk 00:09:45]} {[%emt 00:00:31]} Kc7 {[%clk 00:09:36]} {[%emt 00:00:07]} 64.
Kb4 {[%clk 00:09:30]} {[%emt 00:00:45]} Rh6 {[%clk 00:09:55]} {[%emt 00:00:10]}
65. Rg7+ {[%clk 00:08:55]} {[%emt 00:01:05]} Kb8 {[%clk 00:09:58]} {[%emt
00:00:27]} 66. Rg5 {[%clk 00:09:14]} {[%emt 00:00:12]} Kb7 {[%clk 00:10:21]}
{[%emt 00:00:07]} 67. a5 {[%clk 00:09:10]} {[%emt 00:00:33]} Ka7 {[%clk
00:10:14]} {[%emt 00:00:37]} 68. Rc5 {[%clk 00:09:18]} {[%emt 00:00:23]} Kb7
{[%clk 00:09:44]} {[%emt 00:01:00]} 69. Kc4 {[%clk 00:09:36]} {[%emt 00:00:12]}
Rd6 {[%clk 00:09:45]} {[%emt 00:00:29]} 70. Rb5+ {[%clk 00:08:50]} {[%emt
00:01:16]} Kc7 {[%clk 00:09:27]} {[%emt 00:00:48]} 71. Rb6 {[%clk 00:08:58]}
{[%emt 00:00:21]} Rd8 {[%clk 00:09:39]} {[%emt 00:00:19]} 72. h6 {[%clk
00:09:10]} {[%emt 00:00:17]} Rg8 {[%clk 00:09:44]} {[%emt 00:00:25]} 73. Kb5
{[%clk 00:08:11]} {[%emt 00:01:30]} Rg5+ {[%clk 00:09:05]} {[%emt 00:01:09]}
74. Ka6 {[%clk 00:08:23]} {[%emt 00:00:18]} Rh5 {[%clk 00:06:06]} {[%emt
00:03:29]} 75. Rg6 {[%clk 00:08:24]} {[%emt 00:00:29]} Rh1 {[%clk 00:05:52]}
{[%emt 00:00:44]} 76. Ka7 {[%clk 00:07:55]} {[%emt 00:00:59]} Rh5 {[%clk
00:05:57]} {[%emt 00:00:25]} 77. a6 {[%clk 00:07:35]} {[%emt 00:00:51]} Rh1
{[%clk 00:06:16]} {[%emt 00:00:09]} 78. Rg7 {[%clk 00:07:39]} {[%emt 00:00:26]}
Kc6 {[%clk 00:06:32]} {[%emt 00:00:15]} 79. h7 {[%clk 00:07:47]} {[%emt
00:00:22]} Kd5 {[%emt 00:00:49]} 1-0

[Event "ODJM A 2025"]
[Site "Willingen GER"]
[Date "2025.06.11"]
[Round "5"]
[White "Storm, Max"]
[Black "Seitz, Manuel"]
[Result "1/2-1/2"]
[Termination "normal"]
[Board "25"]
[WhiteElo "2061"]
[BlackElo "1859"]
[WhiteClock "00:35:09"]
[BlackClock "00:18:11"]
[PlyCount "108"]
[WhiteFideId "34625658"]
[BlackFideId "16215770"]
[EventCountry "GER"]
[EventRounds "9"]
[EventType "swiss"]
[EventDate "2025.06.07"]

1. e4 {[%clk 01:30:56]} {[%emt 00:00:03]} c6 {[%clk 01:30:52]} {[%emt
00:00:10]} 2. d4 {[%clk 01:31:22]} {[%emt 00:00:04]} d5 {[%clk 01:31:16]}
{[%emt 00:00:06]} 3. exd5 {[%clk 01:31:47]} {[%emt 00:00:05]} cxd5 {[%clk
01:31:38]} {[%emt 00:00:07]} 4. Bd3 {[%clk 01:32:13]} {[%emt 00:00:04]} Nc6
{[%clk 01:31:59]} {[%emt 00:00:10]} 5. c3 {[%clk 01:32:39]} {[%emt 00:00:04]}
Nf6 {[%clk 01:32:15]} {[%emt 00:00:14]} 6. Nf3 {[%clk 01:33:02]} {[%emt
00:00:07]} Bg4 {[%clk 01:30:27]} {[%emt 00:02:17]} 7. h3 {[%clk 01:33:21]}
{[%emt 00:00:12]} Bxf3 {[%clk 01:28:57]} {[%emt 00:02:00]} 8. Qxf3 {[%clk
01:33:30]} {[%emt 00:00:20]} e6 {[%clk 01:29:08]} {[%emt 00:00:20]} 9. O-O
{[%clk 01:30:18]} {[%emt 00:03:40]} h6 {[%clk 01:24:03]} {[%emt 00:05:36]} 10.
Bf4 {[%clk 01:28:16]} {[%emt 00:02:31]} Bd6 {[%clk 01:23:10]} {[%emt 00:01:24]}
11. Re1 {[%clk 01:27:10]} {[%emt 00:01:35]} O-O {[%clk 01:19:48]} {[%emt
00:03:53]} 12. Nd2 {[%clk 01:21:08]} {[%emt 00:06:31]} a6 {[%clk 01:15:38]}
{[%emt 00:04:42]} 13. Re3 {[%clk 01:11:26]} {[%emt 00:10:10]} b5 {[%clk
01:09:03]} {[%emt 00:07:06]} 14. b4 {[%clk 01:08:32]} {[%emt 00:03:24]} Bxf4
{[%clk 00:57:15]} {[%emt 00:12:18]} 15. Qxf4 {[%clk 01:08:54]} {[%emt
00:00:08]} Qb8 {[%clk 00:57:37]} {[%emt 00:00:09]} 16. Qh4 {[%clk 01:02:34]}
{[%emt 00:06:49]} e5 {[%clk 00:38:34]} {[%emt 00:19:34]} 17. dxe5 {[%clk
01:01:31]} {[%emt 00:01:32]} Nxe5 {[%clk 00:38:44]} {[%emt 00:00:20]} 18. Bc2
{[%clk 01:00:55]} {[%emt 00:01:06]} Ng6 {[%clk 00:37:18]} {[%emt 00:01:56]} 19.
Bxg6 {[%clk 00:57:33]} {[%emt 00:03:52]} fxg6 {[%clk 00:36:21]} {[%emt
00:01:28]} 20. Rae1 {[%clk 00:57:44]} {[%emt 00:00:18]} Qc7 {[%clk 00:33:23]}
{[%emt 00:03:27]} 21. Qd4 {[%clk 00:54:15]} {[%emt 00:04:00]} Rf7 {[%clk
00:29:49]} {[%emt 00:04:04]} 22. Nf3 {[%clk 00:47:56]} {[%emt 00:06:49]} Rc8
{[%clk 00:21:43]} {[%emt 00:08:36]} 23. Ne5 {[%clk 00:45:32]} {[%emt 00:02:53]}
Re7 {[%clk 00:20:03]} {[%emt 00:02:11]} 24. Nxg6 {[%clk 00:45:34]} {[%emt
00:00:29]} Re4 {[%clk 00:19:37]} {[%emt 00:00:55]} 25. Rxe4 {[%clk 00:38:59]}
{[%emt 00:07:05]} dxe4 {[%clk 00:19:57]} {[%emt 00:00:10]} 26. Rd1 {[%clk
00:34:22]} {[%emt 00:05:07]} Kh7 {[%clk 00:18:11]} {[%emt 00:02:17]} 27. Ne5
{[%clk 00:26:59]} {[%emt 00:07:53]} Qxc3 {[%clk 00:17:57]} {[%emt 00:00:44]}
28. Qd6 {[%clk 00:25:53]} {[%emt 00:01:35]} e3 {[%clk 00:15:17]} {[%emt
00:03:10]} 29. fxe3 {[%clk 00:24:15]} {[%emt 00:02:08]} Qxe3+ {[%clk 00:15:32]}
{[%emt 00:00:15]} 30. Kh1 {[%clk 00:24:30]} {[%emt 00:00:14]} Re8 {[%clk
00:13:19]} {[%emt 00:02:44]} 31. Ng4 {[%clk 00:12:51]} {[%emt 00:12:08]} Nxg4
{[%clk 00:12:54]} {[%emt 00:00:56]} 32. hxg4 {[%clk 00:13:19]} {[%emt
00:00:02]} Re6 {[%clk 00:12:50]} {[%emt 00:00:35]} 33. Qd5 {[%clk 00:10:07]}
{[%emt 00:03:40]} Qe4 {[%clk 00:10:08]} {[%emt 00:03:12]} 34. Qf5+ {[%clk
00:08:52]} {[%emt 00:01:45]} Qxf5 {[%clk 00:09:40]} {[%emt 00:00:59]} 35. gxf5
{[%clk 00:09:21]} Re2 {[%clk 00:07:06]} {[%emt 00:03:04]} 36. Rd7 {[%clk
00:09:02]} {[%emt 00:00:48]} Kg8 {[%clk 00:06:53]} {[%emt 00:00:44]} 37. Rd8+
{[%clk 00:06:42]} {[%emt 00:02:50]} Kf7 {[%clk 00:07:07]} {[%emt 00:00:15]} 38.
Rd7+ {[%clk 00:07:08]} {[%emt 00:00:05]} Kf8 {[%clk 00:07:07]} {[%emt
00:00:28]} 39. f6 {[%clk 00:03:40]} {[%emt 00:03:59]} gxf6 {[%clk 00:06:28]}
{[%emt 00:01:10]} 40. Rd6 {[%clk 00:04:05]} {[%emt 00:00:05]} Rxa2 {[%clk
00:06:00]} {[%emt 00:00:59]} 41. Rxf6+ {[%clk 00:04:31]} {[%emt 00:00:04]} Kg7
{[%clk 00:05:51]} {[%emt 00:00:36]} 42. Rb6 {[%clk 00:04:59]} {[%emt 00:00:03]}
Ra4 {[%clk 00:04:47]} {[%emt 00:01:34]} 43. Kh2 {[%clk 00:05:20]} {[%emt
00:00:09]} Rxb4 {[%clk 00:26:49]} {[%emt 00:08:29]} 44. Rxa6 {[%clk 00:35:43]}
{[%emt 00:00:07]} Re4 {[%clk 00:22:12]} {[%emt 00:05:06]} 45. Rb6 {[%clk
00:35:39]} {[%emt 00:00:34]} b4 {[%clk 00:22:08]} {[%emt 00:00:34]} 46. Kg3
{[%clk 00:34:48]} {[%emt 00:01:20]} Rc4 {[%clk 00:21:52]} {[%emt 00:00:47]} 47.
Kh2 {[%clk 00:34:38]} {[%emt 00:00:39]} Rd4 {[%clk 00:20:27]} {[%emt 00:01:55]}
48. Kg1 {[%clk 00:34:05]} {[%emt 00:01:03]} Rd1+ {[%clk 00:19:27]} {[%emt
00:01:31]} 49. Kh2 {[%clk 00:34:26]} {[%emt 00:00:08]} Rb1 {[%clk 00:19:41]}
{[%emt 00:00:16]} 50. Kg3 {[%clk 00:34:05]} {[%emt 00:00:52]} b3 {[%clk
00:19:52]} {[%emt 00:00:19]} 51. Kh2 {[%clk 00:34:06]} {[%emt 00:00:29]} b2
{[%clk 00:20:02]} {[%emt 00:00:20]} 52. g3 {[%clk 00:34:20]} {[%emt 00:00:16]}
Kf7 {[%clk 00:18:14]} {[%emt 00:02:18]} 53. Kg2 {[%clk 00:34:45]} {[%emt
00:00:05]} Kg7 {[%clk 00:18:11]} {[%emt 00:00:33]} 54. Kh2 {[%clk 00:35:09]}
{[%emt 00:00:06]} Kf7 {[%emt 00:00:05]} 1/2-1/2